Die 54 besten Kinderbücher aller Zeiten - Statistiken

Allgemein
  • Dieses Quiz wurde 142 mal gespielt
  • Das Durchschnittsergebnis liegt bei 25 aus 54
Antwortstatistiken
Autor Buch bsp. Figuren /Orte % Korrekt
Rudyard Kipling Das Dschungelbuch 🔸Mowgli🔸🐻 Balu
92%
Joanne K. Rowling Harry Potter 🔸Ronald Weasley🔸Hermine Granger
87%
Astrid Lindgren Pippi Langstrumpf 🔸🐴 Kleiner Onkel🔸🙊 Herr Nilsson
87%
Lewis Caroll Alice im Wunderland 🔸Grinsekatze🔸Herzkönigin
85%
John M. Barrie Peter Pan 🔸Kapitän Hook🔸Wendy, Smee
74%
Matt Groening Die Simpsons 🔸Marge, Homer🔸Bart, Lisa
71%
Michael Ende Jim Knopf & die Wilde 13 🔸Lukas, Emma🔸Lummerland
71%
Paul Maar Das Sams 🔸Herr Taschenbier🔸Frau Rotkohl
68%
Heinrich Hoffmann Der Struwwelpeter 🔸Daumenlutscher🔸Suppenkasper
68%
Robert Arthur Die 3 Fragezeichen 🔸Justus Jupiter🔸Peter Shaw
68%
Michael Ende Die unendliche Geschichte 🔸Bastian, Atréju🔸Phantasien
68%
Alan A. Milne Pu der Bär 🔸🐷 Ferkel🔸 🐯 Tigger
68%
Antoine de Saint - Exupéry Der kleine Prinz 🔸Planet B 612🔸🦊
67%
Antoine Galland 1001 Nacht 🔸 Aladin, Ali Baba🔸 Sindbad
66%
Enid Blyton 5 Freunde 🔸Georg(ina) 🔸Richard (Dick)
64%
Michael Ende Momo 🔸🐢 Kassiopeia🔸Meister Hora
64%
Astrid Lindgren Michel aus Lönneberga 🔸Anton & Alma (Eltern)🔸Klein - Ida
60%
Selma Lagerlöf Nils Holgersson 🔸Hausgans Martin🔸Wildgans Akka
58%
Rolf Kalmuczak TKKG 🔸Tim, Karl🔸Klößchen, Gaby
58%
Waldemar Bonsels Biene Maja 🔸Flip, Thekla🔸Puck, Willy
56%
Frank L. Baum Der Zauberer von Oz 🔸Dorothee 🔸🦁, Blechmann, Vogelscheuche
56%
Erich Kästner Emil & die Detektive 🔸Emil Tischbein🔸Herr Grundeis
56%
Enid Blyton Hanni & Nanni 🔸Mädcheninternat "Lindenhof"
56%
Karl May Winnetou 🔸Old Shatterhand🔸Sam Hawkens
56%
Otfried Preußler Räuber Hotzenplotz 🔸Kasperl, Seppel🔸Petrosilius Zwackelmann
54%
Johanna Spyri Heidi 🔸Klara Sesemann🔸Fräulein Rottenmeier
53%
Erich Kästner Das fliegende Klassenzimmer 🔸Martin Thaler🔸Johnny Trotz
50%
Herman Melville Moby Dick 🔸 Kapitän Ahab🔸 Matrose Ismael
50%
Carlo Collodi Pinocchio 🔸 Geppetto🔸blaue 🧚🏼‍♂️
50%
Horst Eckert (Janosch) Oh wie schön ist Panama 🔸 Kleiner 🐻🔸Kleiner 🐯, Tigerente
47%
William Steig Shrek! 🔸 Prinzessin Fiona🔸 Esel
44%
Clive Staples Lewis Die Chroniken von Narnia 🔸🦁 Aslan🔸Peter, Lucy, Edmund, Susan
43%
Cornelia Funke Die wilden Hühner 🔸Charlotte (Sprotte) 🔸Oma Slättberg
41%
Eric Carle Die kleine Raupe Nimmersatt 🔸🍏 , 🍐 🔸🍓, 🍦
38%
Daniel Dafoe Robinson Crusoe 🔸Eingeborener Freitag
38%
Mark Twain Tom Sawyer & Huckleberry Finn 🔸Witwe Douglas🔸Tante Polly
37%
Astrid Lindgren Ronja Räubertochter 🔸Mattis & Lovis (Eltern)🔸Birk
35%
Cornelia Funke Tintenherz / Tintenblut / Tintentod 🔸 Mortimer Fochart🔸Meggie, Capricorn
34%
Otfried Preußler Krabat 🔸alte Mühle🔸Zauberlehrlinge
29%
Edgar Rice Burroughs Tarzan 🔸 Jane🔸 🙊 Kala & Cheeta
29%
William Golding Herr der Fliegen 🔸Jack, Ralph🔸Piggy, Simon
28%
Max Kruse Urmel aus dem Eis 🔸🐷 Wutz🔸Prof. Habakuk Tibatong
27%
Jonathan Swift Gullivers Reisen 🔸Liliput🔸Luggnagg
26%
Robert L. Stevenson Die Schatzinsel 🔸Jim Hawkins🔸Dr. Livesey
25%
John McCulley Zorro 🔸"Rächer des Volkes"🔸 Umhang & Degen
20%
P. L. Travers Mary Poppins 🔸 Familie Banks
19%
Astrid Lindgren Kalle Blomquist 🔸Weiße Rose 🔸Rote 🌹
15%
Boy Lornsen Robbie, Tobbie & das Fliwatüüt 🔸 🤖 Robbie
14%
Kurt Held Die rote Zora 🔸Jugendbande "Uskoken"🔸Branko
12%
Astrid Lindgren Karlsson vom Dach 🔸Svante Svantesson
11%
Beatrix Potter Peter Hase 🔸Mutter 🐰 🔸Mr. McGregor
9%
Horst Eckert (Janosch) Ich mach dich gesund, sagte der Bär 🔸🐯 , 🐰 🔸Tante Gans
8%
Hugh Lofting Dr. Doolittle 🔸Polynesia🔸Tschi - Tschi
3%
Josef Lada Kater Mikesch 🔸Schuster Pepik🔸🐶 Sultan
2%
Keine übereinstimmenden Quizze gefunden
Verteilung der Resultate
Anzahl Personen mit jedem Resultat
Perzentil nach korrekt beantworteten Fragen
Ihre Resultats-Entwicklung
Sie haben dieses Quiz noch nicht gespielt